| 000 | 01680nam0a2200313 4500 | ||
|---|---|---|---|
| 001 | RU\NLR\BIBL_A\011674512 | ||
| 005 | 20180420110512.0 | ||
| 010 |
_a978-5-4468-4741-9 _91500 |
||
| 021 |
_aRU _bКН-П-18-017534 _9КН-П-18-1269 |
||
| 035 | _a(NLR Aleph) 011674512 | ||
| 035 | _a(RuMoRGB)009566673 | ||
| 090 |
_a11255258 _c11255258 |
||
| 100 | _a20180410d2018 u y0rusy50 ca | ||
| 101 | 0 | _arus | |
| 102 | _aRU | ||
| 105 | _aa|||j|||000zy | ||
| 200 | 1 |
_aОсновы коммерческой деятельности _eучебник для использования в образовательном процессе образовательных организаций, реализующих программы среднего профессионального образования по специальности "Товароведение и экспертиза качества потребительских товаров" _fР.В. Хасанова |
|
| 210 |
_aМосква _cАкадемия _d2018 |
||
| 215 |
_a158, [1] с. _cил., табл. _d22 |
||
| 225 | 1 |
_aПрофессиональное образование _iЭкономика и управление |
|
| 320 | _aБиблиогр.: с. 154-156 | ||
| 606 | 1 |
_aКоммерческая деятельность _jУчебные издания для высших учебных заведений _2nlr_sh1 _2nlr_sh2 _3RU\NLR\AUTH\661257326 |
|
| 686 | 1 | _aУ42(2)1я73 | |
| 700 | 1 |
_aХасанова _bР. В. _gРимма Валентиновна |
|
| 942 | _cBOOK | ||
| 980 | _aNBR | ||
| 980 | _aNB | ||